| 000 | 00570nam a2200145Ia 4500 | ||
|---|---|---|---|
| 008 | 170221s9999 xx 000 0 und d | ||
| 100 | _aAlfis S. Gayazov | ||
| 245 | _aModern Teaching Tendencies of Critical Thinking Forming of University Students | ||
| 245 | _cAlfis S. Gayazov, Gulnara F. Zamaletdinova, Artur F. Amirov, Andrey V. Kostryukov, Evgeniya I. Tikhomirova | ||
| 260 | _bInternational Review of Management and Marketing | ||
| 260 | _c2016 | ||
| 300 | _a6 : 2 | ||
| 650 | _xMarketing. | ||
| 856 | _uhttp://www.econjournals.com/index.php/irmm/issue/view/72 | ||
| 999 |
_c308385 _d308385 |
||